[Event "SUI-chT"]
[Site "Switzerland"]
[Date "2022.09.03"]
[Round "4.3"]
[White "Sokolov, Andrei"]
[Black "Forster, Richard"]
[Result "1/2-1/2"]
[WhiteElo "2463"]
[BlackElo "2462"]
[PlyCount "45"]
[EventDate "2022.05.01"]
[EventType "team-tourn"]
[EventRounds "9"]
[EventCountry "SUI"]
[SourceTitle "EXT 2023"]
[Source "ChessBase"]
[SourceDate "2022.10.05"]
[SourceVersion "1"]
[SourceVersionDate "2022.10.05"]
[SourceQuality "1"]
[WhiteTeam "Geneve"]
[BlackTeam "Winterthur"]
[WhiteTeamCountry "SUI"]
[BlackTeamCountry "SUI"]

1. e4 c5 2. Nf3 e6 3. d4 cxd4 4. Nxd4 a6 5. Bd3 Bc5 6. Nb3 Ba7 7. Qe2 Ne7 8. Be3 Nbc6 9. N1d2 Ne5 10. Bxa7 Rxa7 11. 0-0 Nxd3 12. Qxd3 0-0 13. Rfd1 b6 14. Nd4 Rc7 15. Qb3 Rc5 16. Nc4 b5 17. Ne3 Qc7 18. Qa3 Ng6 19. Nb3 Rc6 20. Na5 Rc5 21. Nb3 Rc6 22. Na5 Rc5 23. Nb3 1/2-1/2

[Event "SUI-chT"]
[Site "Switzerland"]
[Date "2022.05.01"]
[Round "1.3"]
[White "Hochstrasser, Michael"]
[Black "Forster, Richard"]
[Result "1-0"]
[WhiteElo "2339"]
[BlackElo "2462"]
[PlyCount "55"]
[EventDate "2022.05.01"]
[EventType "team-tourn"]
[EventRounds "9"]
[EventCountry "SUI"]
[SourceTitle "EXT 2023"]
[Source "ChessBase"]
[SourceDate "2022.10.05"]
[SourceVersion "1"]
[SourceVersionDate "2022.10.05"]
[SourceQuality "1"]
[WhiteTeam "Wollishofen"]
[BlackTeam "Winterthur"]
[WhiteTeamCountry "SUI"]
[BlackTeamCountry "SUI"]

1. d4 Nf6 2. c4 g6 3. Nc3 Bg7 4. e4 d6 5. Bg5 0-0 6. f3 a6 7. Nge2 b5 8. Ng3 h6 9. Be3 h5 10. Bd3 b4 11. Nce2 h4 12. Qd2 Nc6 13. 0-0-0 e5 14. d5 Nd4 15. Nxd4 exd4 16. Bxd4 hxg3 17. hxg3 c5 18. dxc6 Be6 19. Rh2 Rc8 20. Rdh1 Re8 21. g4 Rxc6 22. Rh8+ Bxh8 23. Rxh8+ Kxh8 24. Qh6+ Kg8 25. g5 Rxc4+ 26. Bxc4 Qc8 27. Bxf6 Qxc4+ 28. Kd2 1-0

[Event "SUI-chT"]
[Site "Switzerland"]
[Date "2021.09.19"]
[Round "2.2"]
[White "Riff, Jean Noel"]
[Black "Forster, Richard"]
[Result "1/2-1/2"]
[WhiteElo "2483"]
[BlackElo "2442"]
[PlyCount "99"]
[EventDate "2021.08.29"]
[EventType "team-tourn"]
[EventRounds "9"]
[EventCountry "SUI"]
[SourceTitle "EXT 2022"]
[Source "ChessBase"]
[SourceDate "2021.10.06"]
[SourceVersion "1"]
[SourceVersionDate "2021.10.06"]
[SourceQuality "1"]
[WhiteTeam "Geneve"]
[BlackTeam "Winterthur"]
[WhiteTeamCountry "SUI"]
[BlackTeamCountry "SUI"]

1. e4 Nf6 2. e5 Nd5 3. d4 d6 4. Nf3 g6 5. Bc4 Nb6 6. Bb3 Bg7 7. 0-0 0-0 8. Qe2 Nc6 9. c3 Bg4 10. exd6 exd6 11. h3 Re8 12. Qd1 Bf5 13. Bg5 Qd7 14. Nbd2 h6 15. Bf4 Na5 16. Bc2 Nd5 17. Bg3 b5 18. Bxf5 Qxf5 19. Qb1 Qxb1 20. Raxb1 Nc6 21. Rfe1 a5 22. Kf1 a4 23. a3 Na5 24. Rxe8+ Rxe8 25. Re1 Rxe1+ 26. Nxe1 h5 27. Nd3 Bh6 28. Ke2 Nc4 29. Nf3 f6 30. Kd1 Kf7 31. Kc2 Ke6 32. Ng1 Kf5 33. Ne2 Ke4 34. Ne1 Ne7 35. Nd3 Nd5 36. Ne1 Ne7 37. Nd3 g5 38. Bh2 h4 39. Bg1 Nd5 40. Nb4 Nxb4+ 41. axb4 f5 42. f3+ Kd5 43. Bf2 g4 44. hxg4 fxg4 45. fxg4 Bg5 46. Ng1 Be3 47. Bxe3 Nxe3+ 48. Kd3 Nxg4 49. Nf3 h3 50. gxh3 1/2-1/2

[Event "SUI-chT"]
[Site "Switzerland"]
[Date "2021.08.29"]
[Round "1.1"]
[White "Bogner, Sebastian"]
[Black "Forster, Richard"]
[Result "0-1"]
[WhiteElo "2581"]
[BlackElo "2442"]
[PlyCount "74"]
[EventDate "2021.08.29"]
[EventType "team-tourn"]
[EventRounds "9"]
[EventCountry "SUI"]
[SourceTitle "CBM 204 Extra"]
[Source "ChessBase"]
[SourceDate "2021.11.30"]
[SourceVersion "1"]
[SourceVersionDate "2021.11.30"]
[SourceQuality "1"]
[WhiteTeam "Reti"]
[BlackTeam "Winterthur"]
[WhiteTeamCountry "SUI"]
[BlackTeamCountry "SUI"]

1. e4 Nf6 2. e5 Nd5 3. d4 d6 4. c4 Nb6 5. exd6 cxd6 6. Nc3 g6 7. h3 Bg7 8. Nf3 0-0 9. Be2 Nc6 10. 0-0 Bf5 11. d5 Na5 12. Nd4 Naxc4 13. a4 Na5 14. Nxf5 gxf5 15. Bg5 Rc8 16. Re1 h6 17. Bh4 Re8 18. Bb5 Nd7 19. Qf3 a6 20. Bf1 Nb3 21. Rad1 Nd4 22. Qf4 Qb6 23. Rd3 Ne5 24. Rxd4 Ng6 25. Rb4 Qa5 26. Qxf5 Qxb4 27. Bg3 Qxb2 28. Ne4 Rf8 29. Rb1 Qa3 30. h4 Rc1 31. Rxb7 Qxa4 32. Nd2 Nxh4 33. Qd3 Ng6 34. Nb3 Rc3 35. Qxa6 Qxa6 36. Bxa6 Ra8 37. Bf1 Ra2 0-1

[Event "SUI-chT"]
[Site "Switzerland"]
[Date "2019.09.08"]
[Round "7.2"]
[White "Forster, Richard"]
[Black "Habibi, Ali"]
[Result "1-0"]
[WhiteElo "2460"]
[BlackElo "2222"]
[PlyCount "149"]
[EventDate "2019.03.10"]
[EventType "team-tourn"]
[EventRounds "9"]
[EventCountry "SUI"]
[SourceTitle "EXT 2020"]
[Source "ChessBase"]
[SourceDate "2019.10.17"]
[SourceVersion "1"]
[SourceVersionDate "2019.10.17"]
[SourceQuality "1"]
[WhiteTeam "Winterthur"]
[BlackTeam "Solothurn"]
[WhiteTeamCountry "SUI"]
[BlackTeamCountry "SUI"]

1. c4 c5 2. g3 g6 3. Bg2 Bg7 4. Nf3 Nc6 5. Nc3 d6 6. 0-0 Nf6 7. d4 cxd4 8. Nxd4 Bd7 9. Nc2 0-0 10. b3 Qa5 11. Bd2 Qh5 12. e4 Bg4 13. f3 Bh3 14. g4 Qh4 15. Qe1 Qxe1 16. Raxe1 Bxg2 17. Kxg2 Rfd8 18. h3 h5 19. Nd5 e6 20. Ndb4 a5 21. Nxc6 bxc6 22. Bg5 Rd7 23. Rd1 hxg4 24. hxg4 Ne8 25. Rd3 Rb7 26. Rfd1 Bf8 27. Bf4 f6 28. Bd2 a4 29. Nd4 axb3 30. axb3 Ra2 31. Nxe6 Bh6 32. Nd4 Nc7 33. Nxc6 Ne6 34. Kg3 Rxd2 35. R1xd2 Bxd2 36. Rxd2 Rxb3 37. Rxd6 Ng5 38. Rd8+ Kf7 39. Rd7+ Kf8 40. Rd8+ Kf7 41. Nd4 Rc3 42. Rd7+ Kf8 43. Kh4 Rxc4 44. Kg3 Rc3 45. Kf2 Ke8 46. Rd5 Ke7 47. Ke2 Nh3 48. Kd2 Ra3 49. Rb5 Ng1 50. Rb7+ Ke8 51. f4 Nf3+ 52. Nxf3 Rxf3 53. f5 gxf5 54. gxf5 Ra3 55. Rc7 Rh3 56. Rc3 Rh2+ 57. Kd3 Kd7 58. Kd4 Kd6 59. Ra3 Rd2+ 60. Ke3 Rh2 61. Ra7 Kc5 62. Ra6 Rh6 63. Re6 Kc4 64. Rc6+ Kb5 65. Rc8 Rh1 66. Rf8 Rh6 67. Rg8 Rh7 68. Rg6 Rf7 69. Kf4 Kc5 70. e5 fxe5+ 71. Kxe5 Re7+ 72. Re6 Rh7 73. Re8 Kc6 74. Ke6 Rh6+ 75. f6 1-0

[Event "SUI-chT"]
[Site "Switzerland"]
[Date "2019.05.05"]
[Round "4.3"]
[White "Renet, Olivier"]
[Black "Forster, Richard"]
[Result "1/2-1/2"]
[WhiteElo "2477"]
[BlackElo "2460"]
[PlyCount "67"]
[EventDate "2019.03.10"]
[EventType "team-tourn"]
[EventRounds "9"]
[EventCountry "SUI"]
[SourceTitle "CBM 190 Extra"]
[Source "ChessBase"]
[SourceDate "2019.07.15"]
[SourceVersion "1"]
[SourceVersionDate "2019.07.15"]
[SourceQuality "1"]
[WhiteTeam "Riehen"]
[BlackTeam "Winterthur"]
[WhiteTeamCountry "SUI"]
[BlackTeamCountry "SUI"]

1. d4 Nf6 2. c4 c5 3. d5 g6 4. Nc3 Bg7 5. e4 d6 6. h3 0-0 7. Nf3 e6 8. Bd3 Nbd7 9. 0-0 e5 10. Qc2 Nh5 11. Re1 Ndf6 12. Rb1 Ne8 13. b4 b6 14. bxc5 bxc5 15. Rb3 f5 16. Bg5 Qd7 17. Bd2 f4 18. Reb1 Bf6 19. Qd1 Bd8 20. R3b2 Ba5 21. Bc2 Qe7 22. Ba4 a6 23. Bc6 Ra7 24. Na4 Bxd2 25. Nb6 Nef6 26. Nxc8 Rxc8 27. Nxd2 g5 28. Kf1 Kg7 29. Ke1 Kg6 30. Rb6 Rcc7 31. Rb8 Ng7 32. Qc2 Ne6 33. Nf3 Nd8 34. Ba4 1/2-1/2

[Event "SUI-chT"]
[Site "Switzerland"]
[Date "2019.04.14"]
[Round "2.3"]
[White "Forster, Richard"]
[Black "Vogt, Lothar"]
[Result "1-0"]
[WhiteElo "2460"]
[BlackElo "2357"]
[PlyCount "41"]
[EventDate "2019.03.10"]
[EventType "team-tourn"]
[EventRounds "9"]
[EventCountry "SUI"]
[SourceTitle "CBM 190 Extra"]
[Source "ChessBase"]
[SourceDate "2019.07.15"]
[SourceVersion "1"]
[SourceVersionDate "2019.07.15"]
[SourceQuality "1"]
[WhiteTeam "Winterthur"]
[BlackTeam "Zuerich"]
[WhiteTeamCountry "SUI"]
[BlackTeamCountry "SUI"]

1. c4 g6 2. Nf3 Bg7 3. d4 Nf6 4. Nc3 0-0 5. Bg5 c5 6. d5 d6 7. Qd2 a6 8. e4 Qa5 9. Bh6 Bxh6 10. Qxh6 Nxe4 11. 0-0-0 Nf6 12. Ng5 Nbd7 13. h4 Re8 14. h5 Nf8 15. hxg6 fxg6 16. Bd3 Bf5 17. Bxf5 gxf5 18. Ne6 Nxe6 19. dxe6 Qb4 20. Rh4 f4 21. Rxf4 1-0

[Event "SUI-chT"]
[Site "Switzerland"]
[Date "2018.10.28"]
[Round "9.4"]
[White "Hug, Werner"]
[Black "Forster, Richard"]
[Result "1/2-1/2"]
[WhiteElo "2483"]
[BlackElo "2463"]
[PlyCount "43"]
[EventDate "2018.03.25"]
[EventType "team-tourn"]
[EventRounds "9"]
[EventCountry "SUI"]
[SourceTitle "CBM 187 Extra"]
[Source "ChessBase"]
[SourceDate "2018.11.04"]
[SourceVersion "1"]
[SourceVersionDate "2018.11.04"]
[SourceQuality "1"]
[WhiteTeam "Zuerich"]
[BlackTeam "Winterthur"]
[WhiteTeamCountry "SUI"]
[BlackTeamCountry "SUI"]

1. d4 Nf6 2. Nf3 g6 3. Bg5 Bg7 4. c3 d5 5. Nbd2 0-0 6. e3 c5 7. Be2 h6 8. Bh4 cxd4 9. exd4 Ne4 10. Nxe4 dxe4 11. Ne5 Bxe5 12. dxe5 Qxd1+ 13. Rxd1 Nc6 14. Bb5 g5 15. Bg3 Bg4 16. Be2 Be6 17. b3 a5 18. Bb5 Bg4 19. Be2 Be6 20. Bb5 Bg4 21. Be2 Be6 22. Bb5 1/2-1/2

[Event "SUI-chT"]
[Site "Switzerland"]
[Date "2018.09.08"]
[Round "6.4"]
[White "Forster, Richard"]
[Black "Maier, Christian"]
[Result "1-0"]
[WhiteElo "2463"]
[BlackElo "2377"]
[PlyCount "51"]
[EventDate "2018.03.25"]
[EventType "team-tourn"]
[EventRounds "9"]
[EventCountry "SUI"]
[SourceTitle "EXT 2019"]
[Source "ChessBase"]
[SourceDate "2018.10.10"]
[SourceVersion "1"]
[SourceVersionDate "2018.10.10"]
[SourceQuality "1"]
[WhiteTeam "Winterthur"]
[BlackTeam "Reti"]
[WhiteTeamCountry "SUI"]
[BlackTeamCountry "SUI"]

1. Nf3 Nf6 2. g3 g6 3. Bg2 Bg7 4. c4 0-0 5. 0-0 d6 6. Nc3 e5 7. d3 Nh5 8. d4 Nc6 9. Bg5 f6 10. Be3 f5 11. dxe5 Nxe5 12. c5 f4 13. Bd4 Bg4 14. Qb3+ Kh8 15. Rad1 Bxf3 16. exf3 b6 17. cxd6 c5 18. Bxe5 Bxe5 19. Rfe1 Bd4 20. Nb5 Bf6 21. Nc7 Bd4 22. Rxd4 cxd4 23. Qd5 Rc8 24. Ne6 Qd7 25. Nxf8 Rxf8 26. Re7 1-0

[Event "SUI-chT"]
[Site "Switzerland"]
[Date "2018.06.10"]
[Round "4.4"]
[White "Forster, Richard"]
[Black "Hochstrasser, Michael"]
[Result "0-1"]
[WhiteElo "2463"]
[BlackElo "2298"]
[PlyCount "102"]
[EventDate "2018.03.25"]
[EventType "team-tourn"]
[EventRounds "9"]
[EventCountry "SUI"]
[SourceTitle "EXT 2019"]
[Source "ChessBase"]
[SourceDate "2018.10.10"]
[SourceVersion "1"]
[SourceVersionDate "2018.10.10"]
[SourceQuality "1"]
[WhiteTeam "Winterthur"]
[BlackTeam "Wollishofen"]
[WhiteTeamCountry "SUI"]
[BlackTeamCountry "SUI"]

1. e4 e6 2. d3 d5 3. Qe2 dxe4 4. dxe4 Nc6 5. Nf3 e5 6. c3 Nf6 7. Qc2 Bd6 8. Bg5 h6 9. Bh4 g5 10. Bg3 Nh5 11. Nbd2 Qf6 12. Nc4 Be6 13. 0-0-0 0-0-0 14. Kb1 Kb8 15. Ne3 Nf4 16. Bb5 Ne7 17. Nd2 Bc5 18. Nb3 Bb6 19. Rxd8+ Rxd8 20. Rd1 Rxd1+ 21. Qxd1 Nc8 22. Bf1 Nd6 23. Nd2 Qg6 24. Qc2 f6 25. b3 Nh5 26. Nec4 Bxc4 27. Bxc4 Nxg3 28. fxg3 Be3 29. Bd3 Bxd2 30. Qxd2 Nxe4 31. Qe1 f5 32. g4 Qd6 33. Bxe4 fxe4 34. Qxe4 Qd1+ 35. Kb2 Qd2+ 36. Qc2 Qe3 37. Qg6 a5 38. Qg8+ Ka7 39. Qd5 Kb6 40. Qe6+ c6 41. Qxh6 Qd2+ 42. Kb1 Qd1+ 43. Kb2 Qd2+ 44. Kb1 e4 45. h4 e3 46. Qxg5 Qd1+ 47. Kb2 e2 48. b4 axb4 49. cxb4 Qd4+ 50. Kc2 Qe4+ 51. Kb2 Qxb4+ 0-1

[Event "SUI-chT"]
[Site "Switzerland"]
[Date "2017.10.15"]
[Round "9.4"]
[White "Forster, Richard"]
[Black "Hug, Werner"]
[Result "1-0"]
[WhiteElo "2458"]
[BlackElo "2483"]
[PlyCount "145"]
[EventDate "2017.03.19"]
[EventType "team-swiss"]
[EventRounds "9"]
[EventCountry "SUI"]
[SourceTitle "EXT 2019"]
[Source "ChessBase"]
[SourceDate "2018.10.10"]
[SourceVersion "1"]
[SourceVersionDate "2018.10.10"]
[SourceQuality "1"]
[WhiteTeam "Winterthur"]
[BlackTeam "Zuerich"]
[WhiteTeamCountry "SUI"]
[BlackTeamCountry "SUI"]

1. e4 g6 2. d4 Bg7 3. Nc3 d5 4. Nxd5 c6 5. Nc3 Qxd4 6. Bd3 Nf6 7. Qe2 0-0 8. f4 Qb6 9. e5 Nd5 10. Nf3 Bg4 11. h3 Bxf3 12. Qxf3 Nxc3 13. bxc3 Nd7 14. h4 Qa5 15. Bd2 Nc5 16. h5 Nxd3+ 17. cxd3 Rfd8 18. d4 Qd5 19. hxg6 hxg6 20. f5 c5 21. Be3 cxd4 22. cxd4 Rac8 23. fxg6 Qxf3 24. gxf3 fxg6 25. Ke2 Kf7 26. Rac1 b6 27. Rxc8 Rxc8 28. Kd3 e6 29. Ke4 Rc4 30. Rc1 Rxc1 31. Bxc1 Ke7 32. d5 Kd7 33. d6 Kc6 34. Be3 Bf8 35. Bg5 Bg7 36. Kd4 Bf8 37. Ke4 Bg7 38. Kf4 Kd7 39. Bf6 Bh6+ 40. Bg5 Bg7 41. Ke4 Kc6 42. Bf4 Bh8 43. Ke3 Bg7 44. Kf2 Bh8 45. Kg2 b5 46. Kf2 Bg7 47. Ke3 Bf8 48. Kd4 Bg7 49. Kc3 a5 50. Kd4 Bf8 51. Bg5 Bg7 52. Bd8 a4 53. Bg5 b4 54. Bd2 b3 55. axb3 axb3 56. Bc3 Bh6 57. Kc4 Bg5 58. Kxb3 Kb5 59. Bd4 Bd8 60. Kc3 Kc6 61. Kc4 Ba5 62. Be3 Bd8 63. Kd4 Kd7 64. Bh6 Ba5 65. Bg5 Be1 66. Ke3 Bc3 67. Kf4 Ke8 68. Bf6 Bd2+ 69. Kg4 Bh6 70. Bg5 Bg7 71. Bf4 Kf7 72. Kg5 Bf8 73. Be3 1-0

[Event "Olympiad-42"]
[Site "Baku"]
[Date "2016.09.12"]
[Round "10.4"]
[White "Forster, Richard"]
[Black "Karimov, Alisher"]
[Result "1/2-1/2"]
[WhiteElo "2459"]
[BlackElo "2119"]
[PlyCount "93"]
[EventDate "2016.09.02"]
[EventType "team-swiss"]
[EventRounds "11"]
[EventCountry "AZE"]
[SourceTitle "CBM 175"]
[Source "ChessBase"]
[SourceDate "2016.11.10"]
[SourceVersion "1"]
[SourceVersionDate "2016.11.10"]
[SourceQuality "1"]
[WhiteTeam "Switzerland"]
[BlackTeam "Tajikistan"]
[WhiteTeamCountry "SUI"]
[BlackTeamCountry "TJK"]

1. c4 Nf6 2. g3 c6 3. Bg2 d5 4. Nf3 dxc4 5. 0-0 g6 6. Na3 Qd5 7. b3 cxb3 8. axb3 Bg7 9. Nc4 Qd8 10. Bb2 0-0 11. d3 Nbd7 12. Ra3 Nc5 13. Bd4 Nfd7 14. Bxg7 Kxg7 15. b4 Na6 16. Qa1+ Kg8 17. Rb1 Nb6 18. b5 cxb5 19. Rxb5 Bd7 20. Rba5 Nxc4 21. dxc4 Bc6 22. h4 Nb4 23. Qc1 Qd6 24. h5 Qf6 25. Qb1 Na6 26. Ne5 Bxg2 27. Kxg2 b6 28. Rd5 Nc7 29. Rf3 Qe6 30. Qe4 Nxd5 31. cxd5 Qd6 32. Nc6 e6 33. Rf6 Rae8 34. dxe6 Rxe6 35. Rxe6 Qxe6 36. Ne7+ Kg7 37. Qd4+ f6 38. Nd5 Qe5 39. Qc4 b5 40. Qc6 Qxh5 41. Nf4 Qh6 42. Ne6+ Kg8 43. Qxb5 g5 44. Qd7 Qg6 45. Nxf8 Kxf8 46. Qxa7 Qe4+ 47. Kg1 1/2-1/2

[Event "SUI-chT"]
[Site "Switzerland"]
[Date "2016.06.12"]
[Round "5.3"]
[White "Forster, Richard"]
[Black "Duratti, Lindo"]
[Result "0-1"]
[WhiteElo "2466"]
[BlackElo "2213"]
[PlyCount "156"]
[EventDate "2016.03.20"]
[EventType "team-tourn"]
[EventRounds "9"]
[EventCountry "SUI"]
[SourceTitle "EXT 2017"]
[Source "ChessBase"]
[SourceDate "2016.10.25"]
[SourceVersion "1"]
[SourceVersionDate "2016.10.25"]
[SourceQuality "1"]
[WhiteTeam "Winterthur"]
[BlackTeam "Echallens"]
[WhiteTeamCountry "SUI"]
[BlackTeamCountry "SUI"]

1. c4 e6 2. g3 c5 3. Bg2 Nc6 4. Nf3 Nf6 5. 0-0 d5 6. b3 Be7 7. Bb2 0-0 8. e3 b6 9. Nc3 Bb7 10. cxd5 Nxd5 11. Nxd5 Qxd5 12. d4 Qd8 13. dxc5 Bxc5 14. Ne5 Nxe5 15. Bxb7 Rb8 16. Be4 Ng6 17. Qe2 Qe7 18. h4 Ba3 19. h5 Bxb2 20. Qxb2 Nh8 21. Rac1 Rbc8 22. Rfd1 f5 23. Bd3 Nf7 24. Ba6 Rxc1 25. Qxc1 Rd8 26. Rxd8+ Nxd8 27. Qd1 h6 28. Qf3 Nf7 29. Qb7 Qxb7 30. Bxb7 Nd6 31. Bc6 Kf7 32. f4 Kf6 33. Kf2 e5 34. Ke2 Ke6 35. Kd3 e4+ 36. Kd4 Nc8 37. Bb7 Ne7 38. Ba6 Kd6 39. Bb5 Nd5 40. Be2 Nb4 41. Bd1 Nxa2 42. g4 fxg4 43. Bxg4 Nc1 44. b4 a5 45. bxa5 bxa5 46. Kxe4 a4 47. Kd4 a3 48. Kc3 Nd3 49. Kb3 Nb4 50. Kxa3 Nd5 51. Kb3 Nxe3 52. Bf3 Nd5 53. Kc4 Nxf4 54. Kd4 Ne6+ 55. Ke3 Ke5 56. Bg4 Ng5 57. Bd7 Ne4 58. Be8 Nd6 59. Bd7 Ne4 60. Be8 Ng5 61. Bd7 Nh7 62. Be8 Nf8 63. Kf3 Kf5 64. Kg3 Kg5 65. Kf3 Nh7 66. Kg3 Nf6 67. Ba4 Nxh5+ 68. Kf3 Kh4 69. Bd7 g5 70. Bc6 g4+ 71. Kg2 Nf4+ 72. Kh2 h5 73. Bb7 g3+ 74. Kg1 Kg5 75. Bc8 h4 76. Bb7 h3 77. Bc6 Kh4 78. Bb7 Nd3 0-1

[Event "SUI-chT"]
[Site "Switzerland"]
[Date "2016.04.17"]
[Round "2.3"]
[White "Schwaegli, Bruno"]
[Black "Forster, Richard"]
[Result "0-1"]
[WhiteElo "2276"]
[BlackElo "2466"]
[PlyCount "98"]
[EventDate "2016.03.20"]
[EventType "team-tourn"]
[EventRounds "9"]
[EventCountry "SUI"]
[SourceTitle "EXT 2017"]
[Source "ChessBase"]
[SourceDate "2016.10.25"]
[SourceVersion "1"]
[SourceVersionDate "2016.10.25"]
[SourceQuality "1"]
[WhiteTeam "Solothurn"]
[BlackTeam "Winterthur"]
[WhiteTeamCountry "SUI"]
[BlackTeamCountry "SUI"]

1. e4 c5 2. Nf3 d6 3. c3 Nf6 4. Be2 g6 5. 0-0 Bg7 6. Re1 0-0 7. Bf1 Bg4 8. h3 Bxf3 9. Qxf3 Nc6 10. Na3 Nd7 11. Nc2 Rb8 12. Bb5 Qa5 13. Qe2 Rfc8 14. Ne3 a6 15. Bxc6 Rxc6 16. d3 b5 17. h4 Qd8 18. h5 Nf6 19. hxg6 hxg6 20. Nd5 Nh7 21. Bf4 a5 22. Rab1 a4 23. a3 Rb7 24. Qf3 e6 25. Ne3 Rcb6 26. Nc2 Rd7 27. Be3 Rb8 28. d4 cxd4 29. Nxd4 Qc8 30. Red1 Qb7 31. Ne2 Rc8 32. Ng3 Rc4 33. Rd3 Nf6 34. Rbd1 Qc6 35. Rd4 Ne8 36. Rxc4 bxc4 37. Rd2 Rb7 38. Qe2 Be5 39. f4 Bg7 40. Bd4 e5 41. Be3 exf4 42. Bxf4 Re7 43. Qf3 Re6 44. Be3 Nf6 45. Bd4 Nxe4 46. Nxe4 Rxe4 47. Bxg7 Kxg7 48. Rxd6 Qc5+ 49. Kf1 Qe5 0-1

[Event "EU-chT (Men) 20th"]
[Site "Reykjavik"]
[Date "2015.11.21"]
[Round "8.4"]
[White "Forster, Richard"]
[Black "Stocek, Jiri"]
[Result "0-1"]
[WhiteElo "2459"]
[BlackElo "2557"]
[PlyCount "74"]
[EventDate "2015.11.13"]
[EventType "team-swiss"]
[EventRounds "9"]
[EventCountry "ISL"]
[SourceTitle "CBM 170"]
[Source "ChessBase"]
[SourceDate "2016.01.15"]
[SourceVersion "1"]
[SourceVersionDate "2016.01.15"]
[SourceQuality "1"]
[WhiteTeam "Switzerland"]
[BlackTeam "Czech Republic"]
[WhiteTeamCountry "SUI"]
[BlackTeamCountry "CZE"]

1. c4 e5 2. g3 Nf6 3. Bg2 h6 4. Nc3 Bb4 5. d3 0-0 6. Bd2 Re8 7. Nf3 c6 8. 0-0 Bf8 9. e4 d6 10. h3 a6 11. d4 b5 12. cxb5 axb5 13. b4 Nbd7 14. a4 bxa4 15. Rxa4 Bb7 16. Re1 Rxa4 17. Qxa4 exd4 18. Nxd4 c5 19. Nf5 cxb4 20. Qxb4 Nc5 21. f3 Bc8 22. Rd1 d5 23. Qb1 Bxf5 24. exf5 d4 25. Nb5 d3 26. Nc3 Qd4+ 27. Kh2 Re2 28. Qc1 Nb3 29. Qb2 Nxd2 30. Rxd2 Rxd2 31. Qxd2 Bb4 32. Nb5 Qc4 33. Qd1 Qc2 34. Qa1 d2 35. Nd4 Qc3 36. Qa8+ Kh7 37. Ne2 Qe3 0-1

[Event "SUI-chT"]
[Site "Switzerland"]
[Date "2015.09.06"]
[Round "7.3"]
[White "Forster, Richard"]
[Black "Brunner, Lucas"]
[Result "1/2-1/2"]
[WhiteElo "2445"]
[BlackElo "2459"]
[PlyCount "137"]
[EventDate "2015.03.29"]
[EventType "team-tourn"]
[EventRounds "9"]
[EventCountry "SUI"]
[SourceTitle "EXT 2016"]
[Source "ChessBase"]
[SourceDate "2015.10.08"]
[SourceVersion "1"]
[SourceVersionDate "2015.10.08"]
[SourceQuality "1"]
[WhiteTeam "Winterthur"]
[BlackTeam "Zuerich"]
[WhiteTeamCountry "SUI"]
[BlackTeamCountry "SUI"]

1. Nf3 Nf6 2. c4 e6 3. g3 d5 4. Bg2 Be7 5. 0-0 0-0 6. b3 b6 7. Bb2 Bb7 8. e3 c5 9. Qe2 Nc6 10. Nc3 Qd7 11. Rfd1 Rfd8 12. d4 h6 13. Rac1 Qe8 14. cxd5 Nxd5 15. Nxd5 Rxd5 16. Ne5 Rdd8 17. dxc5 bxc5 18. Qb5 Nxe5 19. Qxe8+ Rxe8 20. Bxb7 Rab8 21. Bg2 Ng4 22. Rd7 a6 23. Ra7 Rb6 24. Ba3 h5 25. Bxc5 Bxc5 26. Rxc5 Rd8 27. Bf3 Nh6 28. Bxh5 g6 29. Bf3 Rd2 30. Ra5 Kg7 31. R5xa6 Rb8 32. Ra8 Rb5 33. g4 Rc5 34. Kg2 Rcc2 35. Kg3 Rxf2 36. h4 Rf1 37. Rc6 Rg1+ 38. Kf4 Rf2 39. g5 Nf5 40. Rcc8 e5+ 41. Kxe5 Ne7 42. Re8 Rxf3 43. e4 Rh3 44. Rxe7 Rxh4 45. Raa7 Rxg5+ 46. Kd6 Rf4 47. a4 Rg1 48. Rac7 g5 49. a5 g4 50. a6 g3 51. Ke5 g2 52. a7 Rd1 53. Kxf4 Rf1+ 54. Ke5 g1Q 55. a8Q Qg3+ 56. Kd5 Qxb3+ 57. Kc6 Rc1+ 58. Kd7 Qh3+ 59. Kd8 Rd1+ 60. Qd5 Rxd5+ 61. exd5 Qh8+ 62. Re8 Qh2 63. Kc8 Qh3+ 64. Rd7 Qc3+ 65. Kd8 Qa5+ 66. Ke7 Qe1+ 67. Kd8 Qa5+ 68. Ke7 Qe1+ 69. Kd8 1/2-1/2

[Event "EU-ch 16th"]
[Site "Jerusalem"]
[Date "2015.03.08"]
[Round "11"]
[White "Forster, Richard"]
[Black "Zak, Arad"]
[Result "1-0"]
[WhiteElo "2446"]
[BlackElo "2061"]
[PlyCount "69"]
[EventDate "2015.02.24"]
[EventType "swiss"]
[EventRounds "11"]
[EventCountry "ISR"]
[SourceTitle "CBM 166"]
[Source "ChessBase"]
[SourceDate "2015.05.11"]
[SourceVersion "1"]
[SourceVersionDate "2015.05.11"]
[SourceQuality "1"]

1. b3 Nf6 2. Bb2 d5 3. Nf3 c5 4. e3 Nc6 5. Bb5 Bd7 6. 0-0 e6 7. Bxc6 Bxc6 8. Ne5 Bb5 9. d3 Bd6 10. f4 Qe7 11. Nc3 Ba6 12. Qf3 0-0-0 13. a4 Ne8 14. Nb5 Bb8 15. d4 Nd6 16. c4 Ne4 17. Rfc1 Bxe5 18. fxe5 Kb8 19. cxd5 exd5 20. dxc5 Nxc5 21. Ba3 b6 22. Nd4 Bb7 23. Qg3 Ka8 24. a5 a6 25. axb6 Rc8 26. Rc2 Rhe8 27. Rac1 Ne4 28. Rxc8+ Bxc8 29. Bxe7 Nxg3 30. Rc7 Bb7 31. hxg3 Rc8 32. Nf5 Kb8 33. Bd6 Rxc7 34. Bxc7+ Ka8 35. Nd6 1-0

[Event "EU-ch 16th"]
[Site "Jerusalem"]
[Date "2015.02.25"]
[Round "2"]
[White "Cheparinov, Ivan"]
[Black "Forster, Richard"]
[Result "1-0"]
[WhiteElo "2681"]
[BlackElo "2446"]
[PlyCount "61"]
[EventDate "2015.02.24"]
[EventType "swiss"]
[EventRounds "11"]
[EventCountry "ISR"]
[SourceTitle "CBM 166"]
[Source "ChessBase"]
[SourceDate "2015.05.11"]
[SourceVersion "1"]
[SourceVersionDate "2015.05.11"]
[SourceQuality "1"]

1. d4 f5 2. Nf3 Nf6 3. c4 e6 4. g3 Be7 5. Bg2 0-0 6. 0-0 d6 7. Nc3 Ne4 8. Qc2 Nxc3 9. Qxc3 Bf6 10. Qc2 Qe7 11. e4 Nc6 12. Be3 fxe4 13. Qxe4 e5 14. d5 Nd8 15. h4 g6 16. c5 Nf7 17. Rac1 dxc5 18. Bxc5 Nd6 19. Qe3 Bf5 20. Ba3 e4 21. Nd4 Qg7 22. Ne6 Bxe6 23. dxe6 Bd4 24. Qb3 Kh8 25. Qa4 Rae8 26. Rxc7 b5 27. Rxg7 bxa4 28. Rd7 e3 29. Rxd6 e2 30. Rxd4 exf1Q+ 31. Bxf1 1-0

[Event "EU-chT (Men) 19th"]
[Site "Warsaw"]
[Date "2013.11.09"]
[Round "2.19"]
[White "Boruchovsky, Avital"]
[Black "Forster, Richard"]
[Result "1-0"]
[WhiteElo "2472"]
[BlackElo "2452"]
[PlyCount "65"]
[EventDate "2013.11.08"]
[EventType "team-swiss"]
[EventRounds "9"]
[EventCountry "POL"]
[SourceTitle "CBM 158"]
[Source "ChessBase"]
[SourceDate "2014.01.16"]
[SourceVersion "1"]
[SourceVersionDate "2014.01.16"]
[SourceQuality "1"]
[WhiteTeam "Israel"]
[BlackTeam "Switzerland"]
[WhiteTeamCountry "ISR"]
[BlackTeamCountry "SUI"]

1. Nf3 Nf6 2. c4 g6 3. Nc3 Bg7 4. e4 d6 5. d4 Bg4 6. Be2 0-0 7. h3 Bxf3 8. Bxf3 Nc6 9. d5 Na5 10. Be2 c6 11. Bd2 b5 12. cxb5 cxb5 13. Bxb5 Rb8 14. a4 a6 15. Bxa6 Rxb2 16. Rb1 Qb6 17. Bb5 Rxb1 18. Qxb1 Rc8 19. 0-0 Qd4 20. Be3 Qe5 21. Rd1 Rb8 22. Bd4 Qg5 23. Qb4 Nb7 24. Bc6 Nh5 25. Ne2 Bxd4 26. Rxd4 Nf4 27. Nxf4 Qxf4 28. Rd1 f5 29. Bxb7 fxe4 30. a5 Qe5 31. a6 e3 32. a7 exf2+ 33. Kf1 1-0